000 00305nam a2200133Ia 4500
003 OSt
005 20240307100459.0
008 170523s9999 xx 000 0 und d
020 _a978-9327222982
040 _cIIMTU
100 _aSingh-B.D
245 0 _aBiotechnology Expending Horizons
942 _2ddc
_c02
999 _c11282
_d11282